Silver and Gold Movies Quiz Stats

 Plays Quiz not verified by Sporcle

Score 0/20 Timer 03:00
0 Plays Today
Hint Name % Correct
The Man with the Golden ...The Man with the Golden Gun
88.5%
On Golden ...On Golden Pond
84.6%
Silver Linings ...Silver Linings Playbook
84.6%
Fantastic Four: Rise of the Silver ...Fantastic Four: Rise of the Silver Surfer
80.8%
The Man with the Golden ...The Man with the Golden Arm
73.1%
Elizabeth: The Golden ...Elizabeth: The Golden Age
73.1%
The Gold ...The Gold Rush
61.5%
The Golden ...The Golden Compass
61.5%
... SilvermanSaving Silverman
57.7%
Kingsman: The Golden ...Kingsman: The Golden Circle
57.7%
Hint Name % Correct
Hellboy II: The Golden ...Hellboy II: The Golden Army
46.2%
Silver ...Silver Streak
46.2%
... GoldmineVelvet Goldmine
42.3%
The Golden ...The Golden Child
30.8%
Air Bud 2: Golden ...Air Bud 2: Golden Receiver
26.9%
... of GoldCity of Gold
19.2%
Silver ...Silver Bullet
19.2%
... SilverForgotten Silver
0%
Gold ...Gold Star
0%
Golden ...Golden Kingdom
0%

You're not logged in!

Compare scores with friends on all Sporcle quizzes.
OR
Log In

Show Comments

Extras

Top Quizzes Today


Score Distribution

Your Account Isn't Verified!

In order to create a playlist on Sporcle, you need to verify the email address you used during registration. Go to your Sporcle Settings to finish the process.

Report this User

Report this user for behavior that violates our Community Guidelines.

Details: